Like a Willo Tree: (Record no. 186581)
[ view plain ]
| 000 -LEADER | |
|---|---|
| fixed length control field | 00553nam a22001817a 4500 |
| 005 - DATE AND TIME OF LATEST TRANSACTION | |
| control field | 20220309123223.0 |
| 010 ## - LCCN (DPL NO) | |
| LC control number | ENG-131912 |
| 020 ## - INTERNATIONAL STANDARD BOOK NUMBER | |
| International Standard Book Number | 9788184983067 |
| Terms of availability | 350.00 |
| 035 ## - SYSTEM CONTROL NUMBER | |
| System control number | EN-115443 |
| 037 ## - SOURCE OF ACQUISITION | |
| Source of stock number/acquisition | DBAD/PUB |
| 082 ## - DEWEY DECIMAL CLASSIFICATION NUMBER | |
| Classification number | 880 |
| 100 ## - MAIN ENTRY--PERSONAL NAME | |
| Personal name | Kimura,Rei |
| 245 ## - TITLE STATEMENT | |
| Title | Like a Willo Tree: |
| Statement of responsibility, etc | Rei ,Kimura |
| 260 ## - PUBLICATION, DISTRIBUTION, ETC. (IMPRINT) | |
| Name of publisher, distributor, etc | Mehta Publishing House |
| Place of publication, distribution, etc | pune |
| Date of publication, distribution, etc | 2012 |
| 270 ## - ADDRESS | |
| Address | 1941 Sadashiv Peth Madiale Colony |
| City | pune |
| Postal code | 411030 |
| Telephone number | 91-20-24476924/ 24460313 |
| Electronic mail address | info@mehtapublishing.com |
| 300 ## - PHYSICAL DESCRIPTION | |
| Extent | 299p. |
| Dimensions | 22cm(pbk) |
| 942 ## - ADDED ENTRY ELEMENTS (KOHA) | |
| Source of classification or shelving scheme | Dewey Decimal Classification |
| Item type | English Books |
| Classification part | 880 |
| Call number suffix | KIM |
| Withdrawn status | Lost status | Not for loan | Collection code | Home library | Current library | Date acquired | Source of acquisition | Cost, normal purchase price | Full call number | Barcode | Copy number | Cost, replacement price | Koha item type |
|---|---|---|---|---|---|---|---|---|---|---|---|---|---|
| Non-fiction | Patel Nagar | Patel Nagar | 09/03/2022 | DBAD/PUB | 350.00 | 880 KIM | EN-115444 | 1 | 350.00 | English Books |
